000 01509nam a2200241Ia 4500
003 Ost
005 20260416102359.0
008 260416s9999||||xx |||||||||||||| ||und||
040 _cfsecg
041 _aara
082 _a658.4
100 _aيطو، رزيقة
_eمؤلف
245 0 _a التنمية الإدارية :
_bالسنة الثالثة ليسانس ، تخصص تنظيم سياسي و اداري /
_c رزيقة يطو
260 _aالجزائر
_bجامعة الجزائر3: كلية العلوم الإقتصادية، العلوم التجارية وعلوم التسيير
_c2022
300 _a106 ورقة
_bايضاحات
_c30 سم
504 _aالمراجع ص.103
520 _aمفاههيم أساسية في الإدارة والتنمية، التخلف والفساد الإداري، الاطار المفاهيمي للتنمية الادارية، التنمية الادارية والمفاهيم المتقاربة، التنمية الادارية في الفكر الاداري، مداخل التنمية الادارية، ووسائلها، ومراحلها وأساليبها، معوقات التنمية الادارية في الدول النامية.
653 _aالادارة
653 _aالتنمية الادارية
653 _aالفساد الاداري
710 _aجامعة الجزائر3: كلية العلوم الإقتصادية، العلوم التجارية وعلوم التسيير
_eناشر علمي
942 _cHANDOUT
999 _c41351
_d41351